| 000 | 01401nam2a2200253 4500 | ||
|---|---|---|---|
| 001 | RU\NLR\BIBL_A\022204066 | ||
| 005 | 20250625160216.0 | ||
| 035 | _a(NLR Aleph) 022204066 | ||
| 090 |
_a13053111 _c13053111 |
||
| 100 | _a20081111d1912 |||y0rusy50 ca | ||
| 101 | 0 | _arus | |
| 102 | _aRU | ||
| 105 | _ay zw 000yy | ||
| 200 | 1 |
_aУсловия действенности молитвы _eслово в день св. пророка Илии (20-го июля) _e[протоиерей И. Виноградов] |
|
| 210 |
_d1912 _gТипография, Литография и Переплетная И. Скальскаго _aБ. м. |
||
| 215 | _a4 с. | ||
| 461 | 0 |
_1001v19\rc\2065452 _12001#$aАфоно-Ильинский листок$v1912 г., № 47 _94806829 _c[Одесса] _d1899-[1915] _fиздание русскаго Св.-Ильинскаго скита на Афоне _nпечатано в типографии Епархиальн. Дома _tАфоно-Ильинский листок _v1912 г., № 47 |
|
| 518 | 1 | _aВ неделю третью Великого поста | |
| 701 | 1 |
_7ca _8rus _aВиноградов _bИ. _cдухов. литератор, священнослужитель _9269335 _3RU\NLR\AUTH\770269391 |
|
| 852 |
_aNLR _j20.37.9.352(1912-47) |
||
| 942 | _cBOOK | ||
| 980 | _aNB | ||